[Event "AUTO-OPEN-4600"]
[Site "http://www.queenalice.com/game.php?id=1858854"]
[Date "2025.6.16"]
[Round "1"]
[White "MarcosT"]
[Black "peonaislado"]
[Result "1-0"]
[WhiteElo "2129"]
[BlackElo "1805"]

1. d4 d5 2. e3 Nf6 3. Bd3 c5 4. c3 Nc6 5. Nd2 Bg4 6. f3 Bh5 7. Ne2 e6 8. O-O Bd6
9. Nf4 Bg6 10. Nxg6 hxg6 11. f4 a6 12. Nf3 O-O 13. Ne5 c4 14. Bc2 Ne4 15. Rf3
Nxe5 16. fxe5 Bxe5 17. dxe5 Qb8 18. Qd4 f6 19. exf6 gxf6 20. Bxe4 dxe4 21. Rxf6
Rxf6 22. Qxf6 Qe8 23. Bd2 Rd8 24. Be1 b5 25. Bh4 Rd3 26. Bg5 e5 27. Bh6 Rd7 28.
Rf1 Rf7 29. Qxg6+ Kh8 30. Rxf7 1-0

[Event "Challenge"]
[Site "http://www.queenalice.com/game.php?id=1859240"]
[Date "2025.7.1"]
[Round "-"]
[White "Leanne"]
[Black "peonaislado"]
[Result "0-1"]
[WhiteElo "1297"]
[BlackElo "1829"]

1. Nf3 d6 2. c4 e5 3. Nc3 Nf6 4. e4 Nc6 5. Be2 Nd4 6. O-O Be7 7. Nd5 Nxe4 8.
Nxd4 exd4 9. Bg4 f5 10. Bf3 O-O 11. Bxe4 fxe4 0-1

[Event "AUTO-OPEN-4606"]
[Site "http://www.queenalice.com/game.php?id=1860773"]
[Date "2025.7.29"]
[Round "1"]
[White "peonaislado"]
[Black "josebaron"]
[Result "0-1"]
[WhiteElo "1776"]
[BlackElo "2161"]

1. d4 d5 2. c4 dxc4 3. e4 e5 4. Nf3 exd4 5. Nxd4 Bb4+ 6. Nc3 Bxc3+ 7. bxc3 Nf6
8. Bxc4 O-O 9. O-O c5 10. e5 Nd5 11. Bxd5 Qxd5 12. Qb3 Qxe5 13. Ba3 b6 14. f4
Qe3+ 15. Kh1 Bb7 16. Qc2 cxd4 17. Bxf8 d3 18. Rae1 Qxe1 19. Qxd3 Qe4 20. Qxe4
Bxe4 21. Be7 Nc6 22. Rd1 Nxe7 0-1

[Event "AUTO-OPEN-4606"]
[Site "http://www.queenalice.com/game.php?id=1860774"]
[Date "2025.7.29"]
[Round "1"]
[White "josebaron"]
[Black "peonaislado"]
[Result "1-0"]
[WhiteElo "2179"]
[BlackElo "1775"]

1. e4 c5 2. Nf3 d6 3. Bb5+ Nc6 4. O-O Bd7 5. Bxc6 Bxc6 6. Nc3 Nf6 7. d3 g6 8.
Re1 Bg7 9. a4 O-O 10. Bg5 Re8 11. Bxf6 Bxf6 12. d4 cxd4 13. Nxd4 Qd7 14. Nxc6
Qxc6 15. Qd3 Bxc3 16. bxc3 f6 17. c4 Rac8 18. Reb1 Qxc4 19. Rxb7 Qc5 20. a5 Qxc2
21. Qxc2 Rxc2 22. Rxa7 Rec8 23. g4 Kf7 24. a6 Rc1+ 25. Rxc1 Rxc1+ 26. Kg2 Ke8
27. Rb7 Kd8 28. a7 Rc8 29. Rb8 1-0

[Event "AUTO-OPEN-4606"]
[Site "http://www.queenalice.com/game.php?id=1860775"]
[Date "2025.7.29"]
[Round "1"]
[White "peonaislado"]
[Black "Zero007"]
[Result "0-1"]
[WhiteElo "1768"]
[BlackElo "2038"]

1. d4 d5 2. c4 c6 3. Nf3 Nf6 4. Nc3 a6 5. e3 b5 6. b3 Bb7 7. Bd3 e6 8. O-O Nbd7
9. c5 Be7 10. Bb2 Qc7 11. Ne2 O-O 12. b4 a5 13. a3 axb4 14. axb4 Rxa1 15. Bxa1
Ra8 16. Nf4 h6 17. h3 Bf8 18. Bc3 g5 19. Ne2 Bg7 20. Qc2 Re8 21. Re1 Nf8 22. Kf1
N6d7 23. Kg1 e5 24. dxe5 Nxe5 25. Nxe5 Bxe5 26. Bxe5 Rxe5 27. Ng3 Bc8 28. Nf5
Bxf5 29. Bxf5 Ne6 30. Qb1 Ng7 31. e4 Qe7 32. f3 Nxf5 33. Kf1 dxe4 34. fxe4 Ng3+
0-1

[Event "AUTO-OPEN-4606"]
[Site "http://www.queenalice.com/game.php?id=1860776"]
[Date "2025.7.29"]
[Round "1"]
[White "Zero007"]
[Black "peonaislado"]
[Result "1-0"]
[WhiteElo "2046"]
[BlackElo "1773"]

1. e4 c5 2. Nf3 Nc6 3. d4 cxd4 4. Nxd4 e5 5. Nb5 d6 6. N1c3 Nf6 7. Bg5 Be7 8. f3
O-O 9. Bd3 a6 10. Na3 b5 11. Bxf6 Bxf6 12. Nd5 Be6 13. c3 Bxd5 14. exd5 Ne7 15.
Nc2 Nxd5 16. Be4 Nb6 17. Bxa8 Nxa8 18. O-O Nc7 19. g3 Ne6 20. Nb4 a5 21. Nd5 Ng5
22. Qd3 Re8 23. Qxb5 Qa8 24. Nxf6+ gxf6 25. Qe2 e4 26. Rae1 Nxf3+ 27. Rxf3 exf3
28. Qxe8+ 1-0

[Event "AUTO-OPEN-4616"]
[Site "http://www.queenalice.com/game.php?id=1863458"]
[Date "2025.9.27"]
[Round "1"]
[White "josebaron"]
[Black "peonaislado"]
[Result "1-0"]
[WhiteElo "2167"]
[BlackElo "1782"]

1. e4 c5 2. Nf3 Nc6 3. d4 cxd4 4. Nxd4 Nf6 5. Nxc6 bxc6 6. Bd3 e5 7. O-O Bc5 8.
Bg5 O-O 9. Nd2 Rb8 10. Rb1 h6 11. Bh4 d5 12. exd5 cxd5 13. c4 dxc4 14. Nxc4 Bd4
15. Re1 Bg4 16. Bxf6 Bxd1 17. Bxd8 Rfxd8 18. Rexd1 g6 19. Kf1 Kg7 20. Na5 Rd6
21. Nc4 Rd5 22. b4 Rdd8 23. Na5 Rdc8 24. b5 Bxf2 25. Kxf2 Rc2+ 26. Bxc2 1-0

[Event "AUTO-OPEN-4616"]
[Site "http://www.queenalice.com/game.php?id=1863459"]
[Date "2025.9.27"]
[Round "1"]
[White "peonaislado"]
[Black "josebaron"]
[Result "1/2-1/2"]
[WhiteElo "1744"]
[BlackElo "2163"]

1. e4 e5 2. Nf3 Nc6 3. Nc3 Nf6 4. Bb5 d6 5. h3 Be7 6. d3 O-O 7. O-O a6 8. Bxc6
bxc6 9. Re1 Re8 10. a3 a5 11. Be3 h6 12. d4 exd4 13. Bxd4 Bf8 14. e5 dxe5 15.
Bxe5 Nd5 16. Qd4 Be6 17. Qd3 Nxc3 18. Qxc3 Bd5 19. Rad1 a4 20. Bxc7 Rxe1+ 21.
Nxe1 Qg5 22. Bg3 Re8 23. Nf3 Qg6 24. Ne5 Qe4 25. f3 Qe2 26. Re1 Qb5 27. Nd3
Rxe1+ 28. Bxe1 Bc4 29. Bf2 Bd6 30. Qd4 Bxd3 31. Qxd3 Qe5 32. Qd4 Qe6 33. Qxa4
Qa2 34. g3 Qxb2 35. Qa8+ Kh7 36. Qxc6 Qxa3 37. c4 f6 38. Qd5 Be5 39. c5 Qa4 40.
f4 Qa1+ 41. Kg2 Bc3 42. Qd3+ Kh8 43. Qd8+ Kh7 44. Qd3+ Kh8 45. Qd8+ Kh7 46. Qd3+
1/2-1/2